| 000 | 01154nam a22003017a 4500 | ||
|---|---|---|---|
| 001 | BR8501213 | ||
| 003 | BR-BrBNA | ||
| 005 | 20230928092104.0 | ||
| 007 | ta | ||
| 008 | 230509b bl.||||| |||| 00| 0 por d | ||
| 040 |
_aBR-BrBNA _bpor _cBiblioteca Nacional de Agricultura |
||
| 041 | _a(Por) | ||
| 072 |
_aL74 _b5212 _b2790 |
||
| 090 | _ 5212 BR8501213 | ||
| 100 | 1 | _aPereira, C.A. | |
| 110 | 1 |
_aUniversidade Federal de Minas Gerais, Belo Horizonte (Brasil). Escola de Veterinaria _0Tese (Mestrado) |
|
| 245 | 1 | _aAspectos clinicos laboratoriais e anatomo-histopatologicos na intoxicacao experimental pela fava do "Barbatimao" (Stryphnodendron barbatimao Mart.)em bovinos | |
| 246 | 1 | _aClinical, laboratory, anatomic and Histopathological signs of the experimental intoxication with barbatimao (Stryphnodendron barbatimao Mart.)beans in cattle | |
| 260 | 3 |
_aBelo Horizonte, MG (Brasil): _c1984. |
|
| 300 | _a73 p. | ||
| 500 | _a17 ref.; Summaries (Eng, Por); 24 tables; 22 graphs | ||
| 650 | _aBOVINO | ||
| 650 | _aINTOXICACAO | ||
| 650 | _aPLANTA TOXICA | ||
| 650 | _aBARBATIMAO | ||
| 909 |
_a202309 _bLucia _c55 _dLucia Elande |
||
| 942 | _cBK | ||
| 999 |
_c37083 _d37083 |
||